[Event "Melhor de 3"]
[Site "http://www.queenalice.com/game.php?id=328683"]
[Date "2007.12.31"]
[Round "-"]
[White "rogerio_88"]
[Black "Najfh"]
[Result "1-0"]
[WhiteElo "939"]
[BlackElo "1146"]

1. d4 e6 2. e4 Nf6 3. e5 Ne4 4. f3 Ng5 5. f4 Ne4 6. Bd3 Bb4+ 7. c3 Nxc3 8. Nxc3
h5 9. a3 Qh4+ 10. g3 Qe7 11. axb4 Qxb4 12. Ra4 Qe7 13. Nb5 d6 14. Nxa7 h4 15.
Nxc8 Qd7 16. Rxa8 hxg3 17. Qd2 Qxc8 18. Bb5+ Ke7 19. Nf3 c6 20. Ba4 Rh3 21. Qg2
Rh8 22. Qxg3 b5 23. Bb3 Qb7 24. Qg5+ Kf8 25. Qd8# 1-0

[Event "Challenge"]
[Site "http://www.queenalice.com/game.php?id=329740"]
[Date "2008.1.2"]
[Round "-"]
[White "Najfh"]
[Black "anairda"]
[Result "0-1"]
[WhiteElo "1130"]
[BlackElo "1411"]

1. e4 e5 2. Nc3 Nf6 3. Qf3 c5 4. a4 b6 5. d3 a5 6. Nb5 Nc6 7. Bg5 Nd4 8. Nxd4
cxd4 9. Ne2 h6 10. Bxf6 gxf6 11. g3 h5 12. h3 Bh6 13. g4 hxg4 14. Qg2 Bg5 15. c4
gxh3 16. Rxh3 Rg8 17. b3 d6 18. f3 Ba6 19. Rh5 Rc8 20. Kf2 Qe7 21. Ng3 Be3+ 22.
Ke1 d5 23. Rh7 dxc4 24. bxc4 Qb4+ 25. Ke2 Qb2+ 26. Kd1 Qxa1+ 27. Kc2 Qxa4+ 28.
Kb1 Qb3+ 29. Qb2 Qd1+ 30. Ka2 Qxf3 31. Rh3 Rb8 32. Qb1 b5 33. Nh5 Qf2+ 34. Ka1
b4 35. Rh1 a4 36. Bh3 b3 37. Qb2 Rg1+ 38. Rxg1 Qxg1+ 39. Qb1 b2+ 40. Ka2 Qxb1+
41. Kxb1 a3 42. Nxf6+ Kf8 43. Bd7 a2+ 44. Kxa2 b1=Q+ 45. Ka3 Qb3# 0-1

[Event "Challenge"]
[Site "http://www.queenalice.com/game.php?id=329741"]
[Date "2008.1.2"]
[Round "-"]
[White "Najfh"]
[Black "Mr_E_Fudd"]
[Result "0-1"]
[WhiteElo "1190"]
[BlackElo "1675"]

1. e4 c5 2. c4 a5 3. Na3 Nf6 4. Nf3 Nxe4 5. Qe2 f5 6. d3 Nd6 7. Bg5 b6 8. Nh4 h6
9. Be3 g5 10. Qh5+ Nf7 11. Nxf5 Rg8 12. Be2 e6 13. O-O-O exf5 14. Bf3 Ra6 15. d4
Qe7 16. dxc5 Qe6 17. Bd5 Qf6 18. cxb6 f4 19. Bd4 Qg6 20. Qe2+ Kd8 21. c5 Nc6 22.
Bc3 Bxc5 23. Nb5 Rxb6 24. Bc4 Re8 25. Qf3 d6 26. g3 Nfe5 27. Qe2 f3 28. Qd2 Nxc4
29. Qd5 N6e5 30. h4 Rxb5 31. Rd2 Re7 32. Re1 Bb7 33. Qxe5 Nxe5 34. Bxe5 Rxe5 35.
Rxe5 Qf6 36. Re1 gxh4 37. a4 Rb4 38. b3 Qc3+ 39. Rc2 Qxe1+ 40. Kb2 Bd4+ 41. Rc3
Bxc3+ 42. Kc2 Be4# 0-1

[Event "Challenge"]
[Site "http://www.queenalice.com/game.php?id=329742"]
[Date "2008.1.2"]
[Round "-"]
[White "Najfh"]
[Black "Hugo62"]
[Result "1-0"]
[WhiteElo "1122"]
[BlackElo "1358"]

1. e4 e5 2. Nf3 Nc6 3. a4 d6 4. a5 Nf6 5. Bb5 Qd7 6. a6 b6 7. Ba4 Nxe4 8. d3 Nc5
9. c4 Nxa4 10. Qxa4 Be7 11. Be3 g6 12. Bh6 d5 13. cxd5 Qxd5 14. Nc3 Rb8 15. Nxd5
Bd8 16. O-O Be6 17. Qxc6+ Bd7 18. Qc3 Be6 19. Qxe5 b5 20. Qxh8+ Kd7 21. Nf6+ Kc8
22. Ne8 Rb6 23. Qd4 Rc6 24. Rac1 Rxc1 25. Rxc1 c6 26. Nd6+ Kd7 27. Ng5 Bb3 28.
Nxb5+ Ke8 29. Re1+ Be7 30. Nc7# 1-0

[Event "Challenge"]
[Site "http://www.queenalice.com/game.php?id=329743"]
[Date "2008.1.2"]
[Round "-"]
[White "Najfh"]
[Black "Elias26"]
[Result "1-0"]
[WhiteElo "1124"]
[BlackElo "1225"]

1. e4 e6 2. Nf3 Nf6 3. Bb5 a6 4. Ba4 Nxe4 5. d3 Nc5 6. b3 c6 7. Bf4 d6 8. Nd4
Qf6 9. c3 Qxf4 10. Ne2 Qf5 11. O-O d5 12. Ng3 1-0

[Event "AUTO-OPEN-955"]
[Site "http://www.queenalice.com/game.php?id=329959"]
[Date "2008.1.3"]
[Round "1"]
[White "JCOELHO"]
[Black "Najfh"]
[Result "1-0"]
[WhiteElo "1616"]
[BlackElo "1134"]

1. e4 e5 2. Nf3 f6 3. Bc4 Nc6 4. O-O Nb4 5. Nc3 Bc5 6. d4 Bb6 7. a3 d6 8. axb4
Bg4 9. h3 Bh5 10. dxe5 dxe5 11. g4 Qe7 12. gxh5 Qxb4 13. Ra4 Qe7 14. Nd5 Qc5 15.
b4 Qxc4 16. Nxb6 cxb6 17. Nd2 Qc6 18. c4 Qxa4 19. Qxa4+ Ke7 20. Ba3 Nh6 21. b5+
Kd8 22. Rd1 g6 23. Nf3+ Kc8 24. c5 Rd8 25. Rc1 gxh5 26. cxb6+ Kd7 27. Rd1+ Kc8
28. Qc4+ Kb8 29. Rxd8# 1-0

[Event "AUTO-OPEN-955"]
[Site "http://www.queenalice.com/game.php?id=329960"]
[Date "2008.1.3"]
[Round "1"]
[White "Najfh"]
[Black "JCOELHO"]
[Result "0-1"]
[WhiteElo "1134"]
[BlackElo "1614"]

1. e4 e5 2. Nf3 Nf6 3. Nxe5 Nxe4 4. Qh5 Qf6 5. Bd3 g6 6. Qg4 d6 7. Bxe4 Bxg4 8.
Nxg4 Qf4 9. f3 f5 10. a4 fxg4 11. d4 Qxc1+ 12. Kf2 Qxh1 13. c3 Qxh2 14. fxg4
Qf4+ 15. Bf3 h5 16. g3 Qf7 17. a5 hxg4 18. Nd2 Rh2+ 19. Kf1 gxf3 20. Kg1 Rxd2
21. Rf1 f2+ 22. Kg2 Rxb2 23. a6 Qd5+ 24. Kh2 Re2 25. c4 Re1 26. Rxf2 Qh1# 0-1

[Event "AUTO-OPEN-955"]
[Site "http://www.queenalice.com/game.php?id=329989"]
[Date "2008.1.3"]
[Round "1"]
[White "Najfh"]
[Black "LeandroFreitas"]
[Result "0-1"]
[WhiteElo "1145"]
[BlackElo "1773"]

1. e4 c6 2. d3 d5 3. Nc3 dxe4 4. Nxe4 Bf5 5. Nc5 Qb6 6. Na4 Qb4+ 7. c3 Qd6 8.
Qh5 g6 9. Qf3 Bg7 10. g4 Qe6+ 11. Be3 Bxg4 12. Qf4 Nf6 13. Nc5 Qd5 14. f3 Bf5
15. Nxb7 O-O 16. c4 Qe6 17. a4 Nh5 18. Qg5 Na6 19. a5 Rab8 20. Nc5 Qe5 21. d4
Qc7 22. Nxa6 Qb7 23. Nxb8 Qxb2 24. Rd1 Rxb8 25. Qxe7 Bc2 26. Rc1 Bxd4 27. Bd2
Bc3 28. Ke2 Bxd2 29. Kxd2 Bb3+ 30. Rc2 Qxc2+ 31. Ke3 Qc1+ 32. Ke2 Qd1+ 33. Kf2
Qd2+ 34. Qe2 Qd4+ 35. Qe3 Qh4+ 36. Ke2 Bxc4+ 37. Kd1 Bxf1 38. Kd2 Qb4+ 39. Qc3
Rd8+ 40. Kc2 Qxc3+ 41. Kb1 Rd1+ 42. Ka2 Bc4# 0-1

[Event "AUTO-OPEN-955"]
[Site "http://www.queenalice.com/game.php?id=329990"]
[Date "2008.1.3"]
[Round "1"]
[White "LeandroFreitas"]
[Black "Najfh"]
[Result "1-0"]
[WhiteElo "1773"]
[BlackElo "1146"]

1. d4 e6 2. f4 Nc6 3. e3 Bb4+ 4. c3 Ba5 5. Bd3 Qh4+ 6. g3 Qh6 7. Nf3 Qh3 8. Qd2
h6 9. Ng1 Qg4 10. Qg2 a6 11. Nf3 b5 12. O-O g5 13. h3 Qh5 14. g4 Qh4 15. Nxh4
gxh4 16. Be4 h5 17. g5 Bb7 18. a4 bxa4 19. Rxa4 O-O-O 20. b4 Bb6 21. c4 e5 22.
c5 Ba7 23. fxe5 f6 24. exf6 Nb8 25. Bxb7# 1-0

[Event "AUTO-OPEN-955"]
[Site "http://www.queenalice.com/game.php?id=329991"]
[Date "2008.1.3"]
[Round "1"]
[White "Najfh"]
[Black "holandes"]
[Result "0-1"]
[WhiteElo "1134"]
[BlackElo "1544"]

1. e4 e5 2. Nf3 d6 3. Bb5+ c6 4. Ba4 a5 5. Nc3 b5 6. Bb3 a4 7. O-O axb3 8. cxb3
Bg4 9. a4 b4 10. a5 bxc3 11. dxc3 h6 12. a6 Nxa6 13. h3 Bxf3 14. Qxf3 g5 15. g4
Bg7 16. b4 Nf6 17. Qd3 Nc7 18. Rxa8 Qxa8 19. c4 Na6 20. Qxd6 Nxe4 21. Qd3 c5 22.
b5 Nb4 23. Qd1 O-O 24. f4 Qb8 25. fxe5 Bxe5 26. Rf5 Bh2+ 27. Kg2 Qg3+ 28. Kh1
Nf2+ 29. Rxf2 Qxf2 30. Qd5 Qg1# 0-1

[Event "AUTO-OPEN-955"]
[Site "http://www.queenalice.com/game.php?id=329992"]
[Date "2008.1.3"]
[Round "1"]
[White "holandes"]
[Black "Najfh"]
[Result "1-0"]
[WhiteElo "1522"]
[BlackElo "1135"]

1. e4 e5 2. c3 Na6 3. d4 h5 4. Nf3 Nf6 5. Bg5 Nxe4 6. Bxd8 Kxd8 7. Nxe5 h4 8.
Nxf7+ Ke8 9. Nxh8 d5 10. Qh5+ Ke7 11. Ng6+ Kd6 12. Qe5+ Kd7 13. Nxf8+ Kc6 14. a4
Nd6 15. b4 Bg4 16. f3 Re8 17. Qxe8+ Nxe8 18. fxg4 Kd6 19. Bxa6 Kc6 20. Bb5+ Kb6
21. Bxe8 a5 22. bxa5+ Kxa5 23. Rf1 c6 24. Rf7 b5 25. Bxc6 bxa4 26. Rxa4+ Kb6 27.
Bxd5 Kb5 28. Rfa7 Kb6 29. Nd7+ Kb5 30. c4# 1-0

[Event "AUTO-BEG-171"]
[Site "http://www.queenalice.com/game.php?id=331472"]
[Date "2008.1.5"]
[Round "1"]
[White "oilboy"]
[Black "Najfh"]
[Result "0-1"]
[WhiteElo "1267"]
[BlackElo "1220"]

1. e4 e5 2. Nf3 d6 3. d4 Bg4 4. dxe5 dxe5 5. Qxd8+ Kxd8 6. Be2 Bb4+ 7. c3 Nf6 8.
cxb4 Nxe4 9. Nxe5 Bf5 10. Nxf7+ Ke7 11. Nxh8 Nc6 12. f3 Rxh8 13. fxe4 Bxe4 14.
a3 Bxg2 15. Rg1 Be4 16. Bg5+ Ke6 17. Bc4+ Ke5 18. Nd2 h6 0-1

[Event "AUTO-BEG-171"]
[Site "http://www.queenalice.com/game.php?id=331473"]
[Date "2008.1.5"]
[Round "1"]
[White "Najfh"]
[Black "oilboy"]
[Result "1-0"]
[WhiteElo "1201"]
[BlackElo "1286"]

1. e4 e5 2. Nf3 Nc6 3. c4 Bc5 4. a3 b6 5. a4 Nf6 6. h4 Nxe4 7. d3 Bb4+ 8. Nbd2
Nxd2 9. Bxd2 Bxd2+ 10. Qxd2 O-O 11. a5 d6 12. Ng5 h6 13. Ne4 Nd4 14. h5 Nb3 15.
Qc3 Nxa5 16. b4 Nc6 17. b5 Nd4 18. g4 Bxg4 19. Rh4 Qxh4 20. c5 1-0

[Event "AUTO-BEG-171"]
[Site "http://www.queenalice.com/game.php?id=331494"]
[Date "2008.1.5"]
[Round "1"]
[White "Tanatos"]
[Black "Najfh"]
[Result "1-0"]
[WhiteElo "1101"]
[BlackElo "1190"]

1. e4 e5 2. Nf3 b6 3. Nxe5 f6 4. Nc4 g6 5. d4 Bb4+ 6. c3 Ba5 7. b4 Bb7 8. bxa5
b5 9. Nca3 a6 10. d5 Ne7 11. Bb2 O-O 12. c4 b4 13. Nc2 f5 14. exf5 Nxf5 15. Nxb4
Qe8+ 16. Be2 Nh4 17. d6 c5 18. Nd5 Rf5 19. Nc7 Nxg2+ 20. Kf1 Nh4 21. Nxe8 Bxh1
22. Ng7 Rf4 23. Be5 Rf7 24. f4 Nf5 25. Nxf5 Rxf5 26. Qd5+ Bxd5 27. Nd2 Bc6 28.
Bf3 Ba4 29. Bxa8 Rxe5 30. fxe5 Bc2 31. Be4 Ba4 32. Rb1 Bc2 33. Rxb8+ Kf7 34.
Bxc2 Ke6 35. Nf3 h5 36. Re8+ Kf7 37. Re7+ Kf8 38. Rxd7 Ke8 39. e6 Kf8 40. e7+
Ke8 41. Rd8+ Kf7 42. e8=Q+ Kf6 43. Qxg6# 1-0

[Event "AUTO-BEG-171"]
[Site "http://www.queenalice.com/game.php?id=331495"]
[Date "2008.1.5"]
[Round "1"]
[White "Najfh"]
[Black "Tanatos"]
[Result "0-1"]
[WhiteElo "1149"]
[BlackElo "1018"]

1. e4 e5 2. Nf3 d6 3. Bb5+ c6 4. d3 cxb5 5. Bg5 f6 6. O-O fxg5 7. a4 Qa5 8. Nxe5
dxe5 9. Qh5+ g6 10. Qxg5 Be7 11. Qxe5 h5 12. Qxh8 Kf7 13. Nc3 Qb4 14. Qh7+ Kf8
15. Qh6+ Nxh6 16. Nd5 Qxb2 17. Rac1 Na6 18. c3 Ng4 19. axb5 Nc5 20. f3 Ne3 21.
Nxe3 Bg5 22. Rc2 Qxb5 23. Nc4 Nxd3 24. Nd6 Be3+ 25. Kh1 Qc5 26. Nxc8 Nf2+ 27.
Kg1 Nd3+ 28. Kh1 Rxc8 29. h4 Nf2+ 30. Kh2 Qe5+ 31. Kg1 Qg3 32. Rfxf2 Bxf2+ 33.
Rxf2 Rxc3 34. Rf1 Rc2 35. e5 Qxg2# 0-1

[Event "Challenge"]
[Site "http://www.queenalice.com/game.php?id=333195"]
[Date "2008.1.8"]
[Round "-"]
[White "Najfh"]
[Black "xeque_mate"]
[Result "1-0"]
[WhiteElo "1160"]
[BlackElo "1538"]

1. g4 d6 2. d4 b5 3. Bg2 c5 4. Bxa8 g5 5. Bxg5 Bg7 6. dxc5 f6 7. Bh4 b4 8. cxd6
Qb6 9. Nf3 Bxg4 10. d7+ Nxd7 11. Nd4 Ne5 12. h3 Nh6 13. hxg4 Nhxg4 14. a3 Qa6
15. f4 Ne3 16. Qd2 Bh6 17. Qxe3 bxa3 18. bxa3 O-O 19. Nf5 Rd8 20. Qg3+ Ng6 21.
Nxh6+ Kg7 22. Qg2 Qd6 23. Nf5+ 1-0

[Event "Challenge"]
[Site "http://www.queenalice.com/game.php?id=335061"]
[Date "2008.1.12"]
[Round "-"]
[White "CJ"]
[Black "Najfh"]
[Result "1-0"]
[WhiteElo "1633"]
[BlackElo "1134"]

1. e4 e5 2. Nf3 Nf6 3. Nc3 Nc6 4. d3 d6 5. Bg5 h6 6. Bxf6 Qxf6 7. Nd5 Qd8 8. Be2
Be6 9. d4 exd4 10. Bb5 a6 11. Bxc6+ 1-0

[Event "Challenge"]
[Site "http://www.queenalice.com/game.php?id=336806"]
[Date "2008.1.15"]
[Round "-"]
[White "Drica"]
[Black "Najfh"]
[Result "1-0"]
[WhiteElo "1603"]
[BlackElo "1147"]

1. e4 e5 2. Nf3 d6 3. c4 Nf6 4. g3 Nxe4 5. Nc3 Bg4 6. Nxe4 f5 7. Neg5 h6 8. Ne6
Qe7 9. Nxf8 Qxf8 10. h3 Bxf3 11. Qxf3 e4 12. Qf4 Nd7 13. h4 O-O-O 14. Bh3 Qf6
15. Bxf5 g6 16. Bxd7+ Rxd7 17. Qxf6 Rhh7 18. Qxg6 Rhg7 19. Qxh6 c5 20. O-O a5
21. Re1 Rg8 22. Rxe4 Kc7 23. b3 b6 24. Ba3 d5 25. Qf4+ Rd6 26. Re7+ Kd8 27.
Qxd6+ Kc8 28. Qc7# 1-0

[Event "Challenge"]
[Site "http://www.queenalice.com/game.php?id=347754"]
[Date "2008.2.3"]
[Round "-"]
[White "rogerio_88"]
[Black "Najfh"]
[Result "1-0"]
[WhiteElo "1286"]
[BlackElo "1211"]

1. g3 e5 2. f4 exf4 3. gxf4 b5 4. e4 Nf6 5. Nc3 h5 6. e5 h4 7. exf6 h3 8. Nxh3
Qxf6 9. Nxb5 c6 10. Nc7+ Kd8 11. Nxa8 Qe6+ 12. Qe2 Be7 13. Rg1 Bh4+ 14. Kd1 Ba6
15. d3 Ke7 16. Nc7 Qxe2+ 17. Bxe2 Bb7 18. Rxg7 Bf6 19. Nf2 Bxg7 20. h3 Ba6 21.
Bf3 Bb7 22. Ne4 Rxh3 23. Bg2 1-0

[Event "let's play chess"]
[Site "http://www.queenalice.com/game.php?id=349978"]
[Date "2008.2.7"]
[Round "-"]
[White "llina"]
[Black "Najfh"]
[Result "1-0"]
[WhiteElo "1477"]
[BlackElo "1217"]

1. e4 e5 2. Nf3 Bd6 3. d4 c6 4. dxe5 Bb4+ 5. Bd2 Na6 6. a3 Bc5 7. b4 Bb6 8. Bc3
Qc7 9. Bd4 d5 10. exd5 cxd5 11. Bxa6 bxa6 12. Nc3 Bg4 13. h3 Bf5 14. O-O Bxd4
15. Qxd4 O-O-O 16. Nxd5 Rxd5 17. Qxd5 Be6 18. Qd3 Bc4 19. Qf5+ Qd7 20. e6 Bxe6
21. Qc5+ Kd8 22. Ne5 Qb5 23. Qxa7 Qxe5 24. Rad1+ Ke8 25. f4 Qe4 26. Rfe1 Qxc2
27. f5 Nh6 28. fxe6 Qc8 29. exf7+ Kf8 30. Re8+ Qxe8 31. fxe8=R+ Kxe8 32. Qxg7
1-0

[Event "Ok"]
[Site "http://www.queenalice.com/game.php?id=455486"]
[Date "2008.8.29"]
[Round "-"]
[White "Najfh"]
[Black "SueliFigueira"]
[Result "0-1"]
[WhiteElo "1198"]
[BlackElo "1292"]

1. d4 d5 2. e4 dxe4 3. Bb5+ c6 4. Bxc6+ Nxc6 5. Nc3 Nxd4 6. Nxe4 Qa5+ 7. Bd2 Qe5
8. a4 h5 9. Nh3 Bg4 10. Qxg4 hxg4 11. f3 b5 12. Be3 Nxc2+ 13. Kd1 Nxa1 14. Kd2
Nb3+ 15. Ke1 gxf3 16. Kf2 Qxe4 17. axb5 e6 18. Ng5 Qc2+ 19. Kg3 Bd6+ 20. Bf4 Qc4
21. Bxd6 Qh4+ 22. Kxf3 Nd4+ 23. Ke3 Nf6 24. Bc5 Rd8 25. h3 Qg3+ 26. Kd2 Nb3+ 27.
Ke2 Rd2+ 28. Kf1 Qf2+ 29. Bxf2 Nd5 30. Nf3 Rc2 31. Ne1 Rh5 32. g4 Rf5 33. Nf3
Nf4 34. Bxa7 Ng2 35. b6 Rxf3+ 36. Kg1 Nd2 37. b7 Rxb2 38. b8=Q+ Kd7 39. Qxb2
Rf1+ 40. Kh2 Nf3+ 41. Kg3 Rxh1 42. h4 Rh3+ 43. Kf2 Nf4 0-1